Statistics for Largest European Cities by Letter - M

Click here to take the quiz!

General Stats

  • This quiz has been taken 136 times
  • The average score is 15 of 30

Answer Stats

RankPopulationCountryHintCity% Correct
22'824'000SpainReal and AtléticoMadrid
99%
18'297'000RussiaRed SquareMoscow
99%
51'195'000GermanyOktoberfestMunich
99%
41'306'000ItalyFashion CapitalMilan
98%
31'677'000BelarusPeace agreement to halt the war in DonbassMinsk
98%
6800'000FranceBiggest French City on the MediterraneanMarseille
96%
10431'000United KingdomOld TraffordManchester
95%
20257'000SwedenØresund BridgeMalmö
84%
7543'000SpainCosta del SolMálaga
78%
12379'000RussiaLargest city north of the Arctic CircleMurmansk
61%
16307'000GermanyCity of the squaresMannheim
60%
18263'000GermanyA German Team (Borussia...)Mönchengladbach
48%
14350'000SpainEurope's orchardMurcia
48%
23197'000United KingdomAbbreviated to MKMilton Keynes
47%
17264'000GermanyPeace of WestphaliaMünster
45%
19262'000ItalyOn Sicily, but close to Reggio di CalabriaMessina
44%
21235'000GermanyCapital of Saxony-AnhaltMagdeburg
42%
25183'000GermanyZDFMainz
40%
22208'000FrancePlace de la comédieMontpellier
39%
26174'000ItalyFerrariModena
38%
9491'000UkraineIn the Donbass and on the north coast of the Azov SeaMariupol
36%
15331'000RussiaLocated on the western shore of the Caspian SeaMakhachkala
27%
8510'000UkraineMain ship building centerMykolaiv
23%
13356'000BelarusSt. Stanislaw's cathedralMogilev
22%
28173'000HungaryHeavy industryMiskolc
21%
11427'000RussiaMeans "Magnetic mountain"Magnitogorsk
20%
29170'000Ukraine"Gateway to the Crimea"Melitopol
13%
24196'000SpainSuburb of MadridMóstoles
12%
27173'000GermanyIn the Ruhr areaMülheim an der Ruhr
12%
30167'000RussiaThe valley of the apple treesMaykop
4%

Score Distribution

Percentile by Number Answered

Percent of People with Each Score

Your Score History

You have not taken this quiz